[Event "TUR-chT Superleague 2018"]
[Site "Ankara"]
[Date "2018.07.29"]
[Round "6"]
[White "Isik, Alparslan"]
[Black "Tarlabasi, Emirhan"]
[Result "1-0"]
[WhiteElo "2212"]
[BlackElo "2117"]
[Annotator "NA"]
[PlyCount "129"]
[EventDate "2018.07.25"]
[EventType "team-tourn"]
[EventCountry "TUR"]
[SourceTitle "playchess.com"]
[Source "ChessBase"]
[SourceQuality "1"]
[TimeControl "40/5400+30:1800+30"]

1. d4 d5 2. c4 e6 3. Nc3 Be7 4. Nf3 Nf6 5. Bf4 O-O 6. e3 a6 7. cxd5 exd5 8. Bd3 {D37: Queen's Gambit Declined: 5 Bf4} Be6 (8... Bg4 9. h3 Bxf3 10. Qxf3 c6 11. g4 Bd6 12. g5 Ne8 13. h4 Bxf4 14. Qxf4 Nd6 15. O-O-O f5 {½-½ (65) Moiseenko,A (2713)-Dubov,D (2629) Warsaw 2013}) 9. Qc2 c5 $146 ({Predecessor:} 9... Nbd7 10. O-O b5 11. Ne2 c5 12. dxc5 Nxc5 13. Ned4 Rc8 14. Rac1 {1-0 (33) Jaracz,P (2503)-Pedini,D (2251) Wroclaw 2014}) 10. dxc5 Nbd7 11. O-O Nxc5 12. Nd4 Rc8 13. Rfd1 b5 14. Qb1 b4 15. Nce2 Qb6 16. Nf5 Bxf5 17. Bxf5 Ne6 18. Be5 g6 19. Bc2 Ng4 20. Bg3 Rfd8 21. Bb3 Qb7 22. Rd2 Nf6 23. Qd1 Nc5 24. Nf4 Nxb3 25. Qxb3 g5 26. Ne2 Ne4 27. Rd4 Qb5 28. Re1 Bf6 29. Rdd1 Nc5 30. Qc2 Ne4 31. Qb1 b3 32. axb3 Qxb3 33. Nd4 Bxd4 34. Rxd4 Rc4 35. Qd1 Qxd1 36. Rexd1 Rxd4 37. Rxd4 Rc8 38. Kf1 Rc1+ 39. Ke2 Rc2+ 40. Kf3 Nxg3 41. Kxg3 {[%emt 1:50:30]} Rc5 {[%emt 1:57:00]} 42. Kg4 {[%emt 0:05:30]} h6 {[%emt 0:03:30]} 43. b4 {[%emt 0:11:53]} Rb5 {[%emt 0:00:30]} 44. Kh5 {[%emt 0:08:42]} Kg7 {[%emt 0:03:04]} 45. f4 {[%emt 0:02:01]} f6 {[%emt 0:07:47]} 46. f5 {[%emt 0:02:02]} a5 {[%emt 0:07:33]} 47. bxa5 {[%emt 0:00:30]} Rxa5 {[%emt 0:00:00]} 48. h3 {[%emt 0:00:00]} Rc5 {[%emt 0:02:00]} 49. g3 {[%emt 0:00:28]} Ra5 {[%emt 0:01:41]} 50. Rb4 $2 {[%emt 0:00:23]} (50. g4 Rb5 51. Ra4) 50... Ra7 {[%emt 0:00:21]} 51. Rb6 {[%emt 0:00:31]} Re7 {[%emt 0:01:01]} 52. g4 {[%emt 0:01:24]} Kf7 {[%emt 0:01:23]} 53. Rb3 {[%emt 0:01:34]} Kg7 {[%emt 0:00:22]} 54. Ra3 {[%emt 0:00:05]} Rd7 {[%emt 0:00:54]} 55. Rd3 {[%emt 0:00:05]} Rd8 {[%emt 0:00:23]} 56. Rd4 {[%emt 0:00:24]} Re8 {[%emt 0:00:26]} 57. Rxd5 {[%emt 0:00:12]} Re7 {[%emt 0:00:31] [#]} 58. e4 $1 {[%emt 0:00:21]} Kf7 {[%emt 0:00:32]} 59. Ra5 {[%emt 0:00:49]} Kg7 {[%emt 0:00:27]} 60. Ra6 {[%emt 0:00:12]} Kf7 {[%emt 0:00:34]} 61. Rb6 {[%emt 0:00:48]} Rxe4 {[%emt 0:00:28]} 62. Rb7+ {[%emt 0:00:04]} Ke8 {[%emt 0:00:18]} 63. Kg6 {[%emt 0:00:17]} Re3 {[%emt 0:00:48]} 64. Kxf6 {[%emt 0:00:09]} Rxh3 {[%emt 0:00:00]} 65. Kg7 {[%emt 0:00:29]} 1-0

[Event "TUR-chT Superleague 2018"]
[Site "Ankara"]
[Date "2018.07.29"]
[Round "6"]
[White "Uysal, Burak"]
[Black "Gok, Fatih"]
[Result "1/2-1/2"]
[WhiteElo "2185"]
[BlackElo "1952"]
[Annotator "TA"]
[PlyCount "158"]
[EventDate "2018.07.25"]
[EventType "team-tourn"]
[EventCountry "TUR"]
[SourceTitle "playchess.com"]
[Source "ChessBase"]
[SourceQuality "1"]

{[%evp 18,158,12,6,4,0,13,14,30,19,29,0,31,12,22,19,23,23,61,6,8,0,27,19,19,12,35,19,38,19,19,19,45,12,12,5,19,-74,-81,-108,-87,-60,118,0,0,0,0,-160,-148,-156,0,0,0,-2,-4,-2,-2,-4,0,0,0,-17,-20,-75,-66,-79,-25,-100,-47,-47,-47,-92,-27,-19,0,-8,-8,-8,0,0,0,0,0,0,0,0,0,0,0,-8,-16,-46,-8,-36,-8,-227,-216,-352,-345,-433,-8,-72,-8,-8,-8,-8,-8,-76,-12,-12,-12,-14,-12,-12,-8,-12,-12,-12,-8,-20,-8,-8,-6,-20,0,-8,0,-24,-7,-32,-32,-38,-38,-80,-8,-8,-8,-8,-8,-8,-8,-195,4954]} 1. e4 c6 2. d4 d5 3. exd5 cxd5 4. Nf3 Nc6 5. Bb5 Nf6 6. Ne5 {B13: Caro-Kann: Exchange Variation and Panov-Botvinnik Attack} Bd7 7. Nxd7 Qxd7 8. c3 e6 9. O-O Bd6 10. Nd2 {LiveBook: 13 Games} O-O 11. Bd3 (11. Re1 a6 12. Bd3 e5 13. dxe5 Nxe5 {1-0 (52) Kramnik,V (2787)-Caruana,F (2811) Wijk aan Zee 2018}) 11... Qc7 12. g3 Rfb8 $146 ({Predecessor:} 12... a6) 13. a4 a6 14. f4 Ra7 15. b4 {[%cal Bb2b4,Bb4b5][%mdl 32]} a5 16. b5 {Rb1 is the strong threat.} Ne7 {[%cal Bc6e7,Be7c8,Bc8b6][%mdl 32]} 17. Bb2 Nc8 18. Qf3 (18. c4 $14) 18... Nb6 $11 19. g4 Nfd7 20. h4 {[%cal Bh2h4,Bh4h5,Bh5h6][%mdl 32]} Raa8 21. h5 Rf8 22. Bc2 Rfe8 23. Rae1 Rac8 24. Re2 Nf8 25. h6 g6 26. Bb3 Re7 27. f5 (27. Ref2 $11) 27... exf5 $17 28. gxf5 Rxe2 29. Qxe2 Qd7 $2 {[#]} (29... Bf4 $15 {keeps the upper hand.}) 30. c4 (30. Ne4 $1 $16 {[%cal Re4f6]} Be7 31. fxg6 Nxg6 32. Qf3) 30... Re8 $11 31. Qf3 Bb4 32. c5 $2 (32. Bc1 $11 Bxd2 33. Bxd2 dxc4 34. fxg6 Nxg6 35. Qf6 Qg4+ 36. Kh1 Qh3+ 37. Kg1 Qg4+ 38. Kh1 Qh3+ 39. Kg1 Qg4+) 32... Bxd2 $17 33. cxb6 Re3 $2 (33... Re4 $17 34. Bc2 Rh4) 34. Qxd5 $11 Qe7 35. Qxf7+ Qxf7 36. Bxf7+ Kxf7 37. fxg6+ Kxg6 38. Rxf8 {[%mdl 4096] Endgame KRB-KRB} Rb3 39. Ba1 Ra3 40. Rf1 (40. Bb2 $1 $11 Rxa4 41. d5) 40... Rxa4 $17 41. Kf2 Rb4 ({Much weaker is} 41... Kxh6 42. Ke2 $11) ({Black should try} 41... Ra2 $17 42. Kf3 Kf5) 42. Rd1 (42. Ke2 $11 Bxh6 43. Bc3 Rxb5 44. Kd3) 42... Bg5 ({Better is} 42... Bxh6 $17 43. Ke2 Rxb5) 43. Bc3 $15 Rxb5 {And now ...a4 would win.} 44. Ra1 Bf6 ({Black should play} 44... Rxb6 $17 45. Bxa5 Rb2+ 46. Kf3 Kf5) 45. Ke3 $11 Rxb6 46. Rxa5 Kxh6 47. Ra1 Kg6 48. Rg1+ Kf7 49. Rh1 {[#]} h6 $1 {[%mdl 512]} 50. Kd3 (50. Rxh6 Bg5+) 50... Kg6 51. Rg1+ Kh7 52. Bd2 h5 53. Rh1 Kg6 54. d5 h4 55. Ke4 Rb2 56. Be1 $2 (56. Rg1+ $1 $11 {and White has nothing to worry.} Kf7 57. Be3) 56... Rb1 $19 57. Rg1+ {[#]} (57. d6 {was necessary.}) 57... Kf7 $1 58. Bf2 Rb3 $2 (58... Rxg1 $19 59. Bxg1 h3) 59. Rh1 (59. Be3 $11 {keeps the balance.}) 59... h3 (59... b5 $17) 60. Be3 $11 Rb4+ 61. Kf3 Rh4 {Threatens to win with ...Be5.} 62. Bf2 (62. Kg3 $1 $11 {remains equal.}) 62... Rh5 (62... Rh8 $17 {Hoping for ...Be5.} 63. Bg3 b6) 63. Kg4 Rxd5 {aiming for ...Rg5+.} 64. Rxh3 b5 65. Kf4 Ke6 66. Ke4 b4 67. Rf3 Rd1 68. Rd3 Rb1 (68... Rc1 {keeps more tension.} 69. Bd4 Rc4 70. Ke3 Bg5+ 71. Ke2 b3) 69. Bd4 Be7 70. Rd2 Rb3 71. Rd3 Rb1 72. Rd2 Rh1 73. Bb2 Rh4+ 74. Kf3 Bc5 75. Ke2 b3 (75... Rh3 $17) 76. Kd3 Bb4 77. Re2+ Kd5 {Strongly threatening ...Rh3+.} 78. Re5+ Kc6 79. Re4 $2 (79. Rf5 $11 {and White stays safe.}) 79... Kd5 $4 {[%mdl 40960] Precision: White = 38%, Black = 30%. . An unexpected result.} (79... Rxe4 $19 80. Kxe4 Kb5) 1/2-1/2

[Event "TUR-chT Superleague 2018"]
[Site "Ankara"]
[Date "2018.07.29"]
[Round "6"]
[White "Ozkan, Ervin"]
[Black "Salgado Lopez, Ivan"]
[Result "0-1"]
[WhiteElo "2171"]
[BlackElo "2643"]
[Annotator "TA"]
[PlyCount "122"]
[EventDate "2018.07.25"]
[EventType "team-tourn"]
[EventCountry "TUR"]
[SourceTitle "playchess.com"]
[Source "ChessBase"]
[SourceQuality "1"]

{[%evp 21,122,27,20,7,11,0,6,0,0,-8,-9,-10,0,-19,0,-16,-12,-18,-6,-14,-11,-32,0,-29,-19,-27,-16,-21,-10,-20,0,-20,0,-20,-16,-44,-44,-47,-45,-47,-46,-51,-39,-44,-15,-18,0,-61,-61,-61,-61,-61,-61,-76,-76,-76,-76,-76,-76,-76,-76,-76,-76,-76,-61,-87,-61,-76,-61,-97,-61,-106,-61,-121,-89,-153,-144,-185,-179,-227,-219,-302,-302,-302,-295,-297,-297,-456,-419,-522,-506,-852,-868,-29971,-29972,-12839,-12839,-12839,-12839,-12838,-12838,-12839,-11985]} 1. d4 Nf6 2. Nf3 e6 3. Bf4 b6 4. e3 Bb7 5. Nbd2 Be7 6. h3 O-O 7. Be2 d6 {A47: 1 d4 Nf6 2 Nf3 b6: Torre, London and Colle Systems} 8. O-O Nbd7 9. Bh2 Re8 10. c3 Bf8 11. a4 a6 {LiveBook: 3 Games} 12. Nc4 (12. Re1 Qc8 13. Nc4 Bc6 14. Bf1 Qb7 {½-½ (41) Wen,Y (2605)-Liu,Y (2479) Shenzhen 2017}) 12... g6 13. Nfd2 $146 ({Predecessor:} 13. Re1 Bg7 14. Bf1 Ne4 15. Nfd2 Nxd2 16. Qxd2 {1-0 (42) Maksimovic,D (2432)-Djoric,D (2287) Smederevska Palanka 2016}) 13... Rc8 14. Bf3 d5 15. Ne5 Nxe5 16. Bxe5 c5 17. Bh2 Re7 18. Qe2 Rd7 19. Rfd1 Ne8 {[%cal Bf6e8,Be8d6,Bd6f5][%mdl 32]} 20. Nb3 Nd6 21. Nc1 Bg7 22. Nd3 c4 23. Nf4 Qe8 24. Qc2 Nf5 25. Bg4 Nd6 26. Bf3 Nf5 27. Bg4 h5 28. Bxf5 exf5 29. b3 Bf6 30. Ne2 Bd8 31. b4 Qf8 32. Be5 Be7 33. a5 b5 34. Ng3 (34. g4 $11) 34... Bc6 $15 35. Nf1 Qh6 36. Qe2 h4 37. Qf3 Re8 38. Nd2 Bd8 39. Bh2 f6 40. Nf1 Be7 41. Re1 Bf8 42. Qd1 Qh7 43. Qc2 Rdd8 44. Nd2 Re6 45. Re2 Be8 {[%cal Bc6e8,Be8f7,Bf7g6][%mdl 32]} 46. Rae1 Bf7 47. Nf1 ({White should try} 47. f4 $15) 47... Rde8 48. Nd2 (48. g3 $142) 48... g5 $17 49. f3 Bg6 50. Qc1 {[#]} f4 $1 {[%mdl 512]} 51. e4 (51. exf4 Rxe2) 51... dxe4 52. fxe4 Bxe4 53. Nxe4 Rxe4 54. Rxe4 (54. Qd2 $142) 54... Rxe4 $19 55. Rxe4 Qxe4 56. Kf2 (56. Qd2 $142 f3 57. gxf3 Qxf3 58. d5) 56... Bd6 57. Qd2 {[#]} Qe3+ $1 {[%mdl 512]} 58. Qxe3 fxe3+ {Black is clearly winning.} 59. Kxe3 Bxh2 60. Ke4 Bg3 61. Kd5 Be1 {Precision: White = 22%, Black = 52%.} 0-1

[Event "TUR-chT Superleague 2018"]
[Site "Ankara"]
[Date "2018.07.29"]
[Round "6"]
[White "Ozbay, Ece"]
[Black "Onur, Cigdem"]
[Result "1-0"]
[WhiteElo "2140"]
[BlackElo "1750"]
[Annotator "NA"]
[PlyCount "109"]
[EventDate "2018.07.25"]
[EventType "team-tourn"]
[EventCountry "TUR"]
[SourceTitle "playchess.com"]
[Source "ChessBase"]
[SourceQuality "1"]
[TimeControl "40/5400+30:1800+30"]

1. e4 c5 2. Nf3 Nc6 3. Bb5 e6 4. O-O Nge7 5. Re1 Nd4 6. Nxd4 cxd4 7. c3 a6 8. Bf1 Nc6 9. b3 Bc5 10. b4 Ba7 11. a4 Qh4 12. Qf3 Ne5 13. Qg3 Qxg3 14. hxg3 d3 15. c4 Ng4 16. c5 a5 17. Ba3 b6 18. Rc1 axb4 19. Bxb4 Ba6 20. Na3 bxc5 21. Bxc5 Bxc5 22. Rxc5 Ke7 23. Nb5 Rhb8 24. Bxd3 Bxb5 25. Bxb5 Rc8 26. Rac1 Rxc5 27. Rxc5 Nf6 28. f3 Ra7 29. d4 d6 30. Rc8 h5 31. Kf2 Nd7 32. f4 g6 33. e5 dxe5 34. dxe5 f6 35. Rh8 Nf8 36. exf6+ Kf7 37. g4 hxg4 38. Kg3 Ra8 39. Kxg4 Kxf6 40. Bc6 Rc8 41. Bb7 Rb8 42. Rxf8+ Rxf8 43. a5 {[%emt 1:33:30]} g5 {[%emt 2:02:00]} 44. a6 {[%emt 0:00:30]} gxf4 {[%emt 0:00:30]} 45. a7 {[%emt 0:00:30]} e5 {[%emt 0:00:30]} 46. a8=Q {[%emt 0:00:30]} Rxa8 {[%emt 0:00:30]} 47. Bxa8 {[%emt 0:00:30]} Kg6 {[%emt 0:00:30]} 48. Be4+ {[%emt 0:00:30]} Kf6 {[%emt 0:00:30]} 49. Kh5 {[%emt 0:00:30]} Ke6 {[%emt 0:00:30]} 50. Kg6 {[%emt 0:00:30]} Ke7 {[%emt 0:00:30]} 51. Kf5 {[%emt 0:00:30]} Kd6 {[%emt 0:00:30]} 52. Kf6 {[%emt 0:00:30]} Kd7 {[%emt 0:00:30]} 53. Kxe5 {[%emt 0:00:30]} Ke7 {[%emt 0:00:30]} 54. Kxf4 {[%emt 0:00:30]} Kf6 {[%emt 0:00:30]} 55. g4 {[%emt 0:00:30]} 1-0

[Event "TUR-chT Superleague 2018"]
[Site "Ankara"]
[Date "2018.07.29"]
[Round "6"]
[White "Gunduz, Umut Erdem"]
[Black "Shevchenko, Kirill"]
[Result "0-1"]
[WhiteElo "2130"]
[BlackElo "2554"]
[Annotator "TA"]
[PlyCount "70"]
[EventDate "2018.07.25"]
[EventType "team-tourn"]
[EventCountry "TUR"]
[SourceTitle "playchess.com"]
[Source "ChessBase"]
[SourceQuality "1"]

{[%evp 24,70,-23,-35,-33,-30,-29,-43,-43,-54,-25,-20,-16,-69,-61,-71,32,-39,-41,-35,-37,-68,-75,-65,-63,-63,-19,-87,-81,-114,-70,-70,-60,-145,-131,-662,-659,-649,-652,-629,-614,-599,-423,-809,-768,-1498,-1524,-29989,-29990]} 1. e4 c5 2. Nc3 d6 3. g3 g6 4. Bg2 Bg7 5. d3 Nc6 6. f4 e6 7. Nf3 Nge7 8. O-O O-O 9. Be3 Nd4 10. Rb1 b6 11. Ne2 Nxf3+ 12. Bxf3 Bb7 13. c3 {LiveBook: 10 Games} Qc7 {B25: Closed Sicilian: 3 g3, lines without early Be3} (13... Qd7 14. Qc2 Rac8 15. Rbd1 d5 16. Bg2 d4 17. Bf2 dxc3 18. bxc3 Rfd8 19. Rd2 c4 20. Rfd1 cxd3 21. Rxd3 {0-1 (70) Bendana Guerrero,G (2440)-Neto,H (2550) ICCF email 2007}) 14. b4 f5 15. Bg2 $146 ({Predecessor:} 15. bxc5 dxc5 16. Qa4 Bc6 17. Qc4 Qd7 18. e5 Bxf3 19. Rxf3 Rac8 20. Rf2 Rfd8 21. d4 cxd4 22. Qxd4 Qc6 23. Qb4 Nd5 24. Qd4 Bf8 25. Qd2 Nxf4 26. Qc1 Nh3+ {0-1 (26) Wienold,T-Fiderer,L (2131) Germany 2009}) 15... Rac8 {Black is slightly better.} 16. Qd2 Rfd8 17. Rbc1 Qb8 18. a4 (18. Bf2 $11) 18... Qa8 $15 {[%cal Rf5e4]} 19. Qa2 Kf7 ({Black should try} 19... Kh8 $17 {[%cal Rf5e4]} 20. Qb1 (20. Qxe6 Re8 $17) 20... c4 21. dxc4 Bxe4 22. Bxe4 fxe4) 20. Bh3 (20. g4 $14) 20... c4 {[%cal Bc5c4,Bc4d3][%mdl 32]} 21. Nd4 Bxd4 $1 22. Bxd4 cxd3 23. exf5 Nxf5 24. Bf2 h5 25. Rfe1 ({Don't blunder} 25. Bxf5 $2 gxf5 26. Rfe1 Be4 $19) (25. Rfd1 $1 $11) 25... Be4 $36 {[%mdl 2048] Black is really pushing.} 26. Qd2 Rc4 {[%cal Bc8c4,Bc4e4,Be4e2][%mdl 32]} 27. Bf1 $1 Rdc8 28. h3 (28. Bxd3 $15 Bxd3 29. Qxd3) 28... Qc6 29. g4 $2 {[%mdl 8192]} (29. Bxd3 $17 Bxd3 30. Qxd3) 29... hxg4 $19 30. hxg4 Rh8 {[%csl Gc6,Ge4][%cal Rh8h1] [#]} 31. Rxe4 Rxe4 ({Less strong is} 31... Qxe4 32. Bg2 $17) 32. Bg2 Qc4 {Threatens to win with ...Re2.} 33. gxf5 (33. Re1 $142 Rxe1+ 34. Qxe1) 33... Re2 34. fxg6+ Kg8 35. Qd1 Qxf4 {Precision: White = 23%, Black = 72%.} 0-1

[Event "TUR-chT Superleague 2018"]
[Site "Ankara"]
[Date "2018.07.29"]
[Round "6"]
[White "Bozbey, Ali"]
[Black "Kamer, Kayra"]
[Result "1/2-1/2"]
[WhiteElo "2126"]
[BlackElo "2181"]
[Annotator "NA"]
[PlyCount "120"]
[EventDate "2018.07.25"]
[EventType "team-tourn"]
[EventCountry "TUR"]
[SourceTitle "playchess.com"]
[Source "ChessBase"]
[SourceQuality "1"]
[TimeControl "40/5400+30:1800+30"]

1. e4 c5 2. Nc3 b6 3. g3 Bb7 4. Bg2 g6 {[%emt 0:00:00]} 5. d3 {[%emt 0:16:30]} Bg7 {[%emt 0:00:00]} 6. Nge2 {[%emt 0:00:30]} e6 {[%emt 0:00:30]} 7. O-O {[%emt 0:00:30]} Ne7 {[%emt 0:00:30]} 8. Be3 {[%emt 0:00:30]} d5 {[%emt 0:00:30]} 9. exd5 {[%emt 0:00:30]} Nxd5 {[%emt 0:00:30]} 10. Nxd5 {[%emt 0:00:30]} Bxd5 {[%emt 0:00:30]} 11. Bxd5 {[%emt 0:00:30]} Qxd5 {[%emt 0:00:30]} 12. d4 {[%emt 0:00:30]} cxd4 {[%emt 0:00:30]} 13. Bxd4 {[%emt 0:00:30]} e5 {[%emt 0:00:30]} 14. Bc3 {[%emt 0:00:30]} Qc5 {[%emt 0:03:30]} 15. Nf4 {[%emt 0:06:30]} O-O {[%emt 0:00:30]} 16. Nd3 {[%emt 0:00:00]} Qc7 {[%emt 0:00:30]} 17. Re1 {[%emt 0:03:00]} Nc6 {[%emt 0:00:30]} 18. Qf3 {[%emt 0:10:30]} Rad8 {[%emt 0:00:30]} 19. Nb4 {[%emt 0:03:30]} Nd4 {[%emt 0:02:30]} 20. Bxd4 {[%emt 0:01:30]} Rxd4 {[%emt 0:00:30]} 21. c3 {[%emt 0:00:30]} Rd2 {[%emt 0:00:30]} 22. Re2 {[%emt 0:17:30]} Rfd8 {[%emt 0:00:30]} 23. Rae1 {[%emt 0:03:30]} f5 {[%emt 0:02:30]} 24. Qc6 {[%emt 0:04:30]} Qd6 {[%emt 0:05:30]} 25. Qxd6 {[%emt 0:07:30]} R2xd6 {[%emt 0:00:00]} 26. c4 {[%emt 0:01:30]} Rc8 {[%emt 0:01:00]} 27. b3 {[%emt 0:01:30]} Kf7 {[%emt 0:00:00]} 28. Rc1 {[%emt 0:03:59]} a5 {[%emt 0:01:00]} 29. Nc2 {[%emt 0:00:04]} h5 {[%emt 0:03:30]} 30. Ne3 {[%emt 0:05:14]} f4 {[%emt 0:00:00]} 31. Rd1 {[%emt 0:02:23]} Rxd1+ {[%emt 0:03:00]} 32. Nxd1 {[%emt 0:00:03]} Rd8 {[%emt 0:00:30]} 33. Nc3 {[%emt 0:02:10]} Rd3 {[%emt 0:00:30]} 34. Rc2 {[%emt 0:00:26]} f3 {[%emt 0:03:30]} 35. h4 {[%emt 0:00:36]} Bf8 {[%emt 0:03:30]} 36. Ne4 {[%emt 0:01:14]} Bb4 {[%emt 0:00:30]} 37. c5 {[%emt 0:05:57]} bxc5 {[%emt 0:00:30]} 38. Nxc5 {[%emt 0:00:00]} Rd1+ {[%emt 0:00:30]} 39. Kh2 {[%emt 0:00:00]} Bxc5 {[%emt 0:02:30]} 40. Rxc5 {[%emt 0:00:00]} Rf1 {[%emt 0:00:30]} 41. Rc2 {[%emt 0:01:54]} Kf6 {[%emt 0:00:30]} 42. a3 {[%emt 0:00:30]} Kf5 {[%emt 0:01:30]} 43. b4 {[%emt 0:00:30]} a4 {[%emt 0:00:30]} 44. Rb2 {[%emt 0:00:30]} Re1 {[%emt 0:02:30]} 45. b5 {[%emt 0:02:30]} Re2 {[%emt 0:00:30]} 46. Rb4 {[%emt 0:00:00]} Rxf2+ {[%emt 0:01:30]} 47. Kg1 {[%emt 0:00:00]} Rg2+ {[%emt 0:11:30]} 48. Kf1 {[%emt 0:00:30]} e4 {[%emt 0:05:30]} 49. b6 {[%emt 0:00:30]} g5 {[%emt 0:03:30]} 50. hxg5 {[%emt 0:01:30]} e3 {[%emt 0:07:30]} 51. Rf4+ {[%emt 0:00:30]} Kxg5 {[%emt 0:00:30]} 52. Rxf3 {[%emt 0:00:00]} Rb2 {[%emt 0:00:00]} 53. Rxe3 {[%emt 0:00:00]} Rxb6 {[%emt 0:00:00]} 54. Re4 {[%emt 0:00:30]} Rb3 {[%emt 0:00:30]} 55. Rxa4 {[%emt 0:00:30]} Rxg3 {[%emt 0:00:00]} 56. Kf2 {[%emt 0:00:00]} Rb3 {[%emt 0:00:00]} 57. Kg2 {[%emt 0:00:00]} h4 {[%emt 0:00:00]} 58. Kh2 {[%emt 0:00:00]} Rb2+ {[%emt 0:00:00]} 59. Kh3 {[%emt 0:00:00]} Rb3+ {[%emt 0:00:30]} 60. Kh2 {[%emt 0:00:30]} Rb2+ {[%emt 0:00:00]} 1/2-1/2

[Event "TUR-chT Superleague 2018"]
[Site "Ankara"]
[Date "2018.07.29"]
[Round "6"]
[White "Bolat, Ahmet"]
[Black "Kinsiz, Onur"]
[Result "0-1"]
[WhiteElo "2124"]
[BlackElo "2204"]
[Annotator "NA"]
[PlyCount "76"]
[EventDate "2018.07.25"]
[EventType "team-tourn"]
[EventCountry "TUR"]
[SourceTitle "playchess.com"]
[Source "ChessBase"]
[SourceQuality "1"]
[TimeControl "40/5400+30:1800+30"]

1. d4 {[%emt 0:02:30]} Nf6 {[%emt 0:17:00]} 2. Nc3 {[%emt 0:00:30]} d5 {[%emt 0:00:30]} 3. Bg5 {[%emt 0:00:30]} Nbd7 {[%emt 0:00:30]} 4. f3 {[%emt 0:00:30]} c6 {[%emt 0:00:30]} 5. Qd2 {[%emt 0:00:30]} h6 {[%emt 0:00:30]} 6. Bh4 {[%emt 0:00:30]} e5 {[%emt 0:01:30]} 7. e3 {[%emt 0:17:30]} Bd6 {[%emt 0:08:30]} 8. Bd3 {[%emt 0:01:30]} O-O {[%emt 0:08:30]} 9. Nge2 {[%emt 0:00:30]} Re8 {[%emt 0:03:30]} 10. O-O-O {[%emt 0:07:30]} b5 {[%emt 0:06:30]} 11. Ng3 {[%emt 0:04:30]} exd4 {[%emt 0:22:30]} 12. exd4 {[%emt 0:00:30]} Nf8 {[%emt 0:02:30]} 13. Nh5 {[%emt 0:05:30]} Be7 {[%emt 0:00:30]} 14. Nxf6+ {[%emt 0:04:30]} Bxf6 {[%emt 0:00:30]} 15. Bf2 {[%emt 0:05:30]} Qa5 {[%emt 0:02:30]} 16. Kb1 {[%emt 0:00:30]} b4 {[%emt 0:00:30]} 17. Ne2 {[%emt 0:00:30]} Ba6 {[%emt 0:00:30]} 18. Nc1 {[%emt 0:04:30]} Bc4 {[%emt 0:07:52]} 19. h4 {[%emt 0:08:30]} Ne6 {[%emt 0:02:59]} 20. Bf5 {[%emt 0:04:30]} Qc7 {[%emt 0:08:06]} 21. g4 {[%emt 0:01:30]} g6 {[%emt 0:01:10]} 22. Bxe6 {[%emt 0:10:38]} Rxe6 {[%emt 0:00:02]} 23. Be3 {[%emt 0:00:00]} Rae8 {[%emt 0:02:25]} 24. Bxh6 {[%emt 0:00:12]} Be2 {[%emt 0:00:29]} 25. Nxe2 {[%emt 0:04:35]} Rxe2 {[%emt 0:00:04]} 26. Qxb4 {[%emt 0:02:48]} Qg3 {[%emt 0:01:50]} 27. Qc3 {[%emt 0:00:51]} c5 {[%emt 0:01:20]} 28. Qxc5 {[%emt 0:00:29]} Qb8 {[%emt 0:00:39]} 29. Qxd5 {[%emt 0:01:06]} Qc7 {[%emt 0:00:31]} 30. Qc5 {[%emt 0:02:30]} Qb7 {[%emt 0:00:02]} 31. Qd6 {[%emt 0:06:02]} Be7 {[%emt 0:00:30]} 32. Qf4 {[%emt 0:01:11]} Ba3 {[%emt 0:00:08]} 33. b3 {[%emt 0:00:07]} Qc6 {[%emt 0:00:36]} 34. c4 {[%emt 0:01:26]} Rb2+ {[%emt 0:00:38]} 35. Ka1 {[%emt 0:00:30]} Ree2 {[%emt 0:00:00]} 36. Rd2 {[%emt 0:01:03]} Rbxd2 {[%emt 0:00:51]} 37. Qb8+ {[%emt 0:00:03]} Re8 {[%emt 0:00:58]} 38. Qxa7 {[%emt 0:00:55]} Qxf3 {[%emt 0:00:21]} 0-1

[Event "TUR-chT Superleague 2018"]
[Site "Ankara"]
[Date "2018.07.29"]
[Round "6"]
[White "Erdogan, Anil Berk"]
[Black "Heberla, Bartlomiej"]
[Result "0-1"]
[WhiteElo "2110"]
[BlackElo "2563"]
[Annotator "TA"]
[PlyCount "70"]
[EventDate "2018.07.25"]
[EventType "team-tourn"]
[EventCountry "TUR"]
[SourceTitle "playchess.com"]
[Source "ChessBase"]
[SourceQuality "1"]

{[%evp 21,70,12,18,-7,-18,-23,-15,-13,0,-34,-29,-45,-39,-37,-10,-16,0,-54,-48,-55,-59,-65,-45,-77,-70,-72,-79,-120,-122,-141,-139,-208,-225,-343,-353,-517,-516,-506,-472,-490,-380,-622,-603,-544,-508,-624,-598,-1627,-1520,-1868,-1825]} 1. e4 c5 2. Nf3 d6 3. Bb5+ Bd7 4. Bxd7+ Qxd7 5. O-O Nc6 6. c3 Nf6 7. Re1 e6 8. d4 cxd4 9. cxd4 d5 10. e5 Ng8 {[%cal Bf6g8,Bg8e7,Be7c8,Bc8b6,Bb6c4][%mdl 32] B52: Sicilian: Moscow Variation with 3...Bd7} (10... Ne4 11. Nbd2 Nxd2 12. Bxd2 Be7 13. Rc1 O-O 14. Rc3 Rfc8 15. h4 Bd8 16. Rd3 Qc7 17. Ng5 h6 18. Nh3 Ne7 19. Bc3 b5 20. Nf4 Nf5 21. Qg4 Bxh4 22. Nh5 {½-½ (52) Nakamura,H (2769)-Grischuk,A (2766) Paris 2018}) 11. a3 Nge7 {LiveBook: 5 Games} 12. b4 Nc8 {The position is equal.} 13. Nbd2 Nb6 14. Bb2 $146 ({Predecessor:} 14. Qe2 a6 15. Nb3 Nc4 16. Be3 b5 17. Nc5 Bxc5 18. bxc5 {½-½ (49) Lukovic,V (1999)-Lagarde,M (2322) Herceg Novi 2008}) 14... Be7 15. Re2 O-O 16. Ne1 Nc4 17. Bc3 Rac8 18. Nxc4 {[#] And now Nd6 would win.} Nb8 19. Na5 (19. Nb6 $11 axb6 20. Bb2) 19... Rxc3 $15 20. Rc2 Rxc2 21. Qxc2 Rc8 $36 {[%mdl 2048] White is under pressure.} 22. Qb2 b6 23. Nb3 Qb5 24. Rc1 Rxc1 25. Qxc1 {[#]} a5 $1 26. h3 (26. Nd2 $17 Nc6 27. bxa5) 26... Nc6 $19 27. bxa5 (27. Nf3 {keeps fighting.}) 27... bxa5 28. Nf3 (28. Qc3 {was necessary.} Bxa3 29. Nc2) 28... Qxb3 29. Qxc6 Qxa3 30. Kh2 h6 31. Qc8+ $2 (31. Ng1) 31... Bf8 {Black is clearly winning.} 32. Ne1 Qb2 33. Nc2 a4 {[%cal Ba5a4,Ba4a3][%mdl 32]} 34. Ne3 Qxd4 35. Qc1 a3 {Precision: White = 32%, Black = 88%.} 0-1